Semantics (0 415 21610 9)

שמור ב:
מידע ביבליוגרפי
מחבר ראשי: HOWARD GREGORY
פורמט: ספר
שפה:Undetermined
יצא לאור: Routledge 2000
תגים: הוספת תג
אין תגיות, היה/י הראשונ/ה לתייג את הרשומה!
Thư viện lưu trữ: Trung tâm Học liệu Trường Đại học Cần Thơ
LEADER 00379nam a2200145Ia 4500
001 CTU_49396
008 210402s9999 xx 000 0 und d
082 |a 401.43 
082 |b G822 
100 |a HOWARD GREGORY 
245 0 |a Semantics (0 415 21610 9) 
245 0 |c HOWARD GREGORY 
260 |b Routledge 
260 |c 2000 
980 |a Trung tâm Học liệu Trường Đại học Cần Thơ